Normal view
MARC view
Entry Personal Name
001 - CONTROL NUMBER
- control field: 669
003 - CONTROL NUMBER IDENTIFIER
- control field: OSt
005 - DATE AND TIME OF LATEST TRANSACTION
- control field: 20150704155855.0
008 - FIXED-LENGTH DATA ELEMENTS
- fixed length control field: 150704|| aca||aabn | a|a d
040 ## - CATALOGING SOURCE
- Original cataloging agency: OSt
- Transcribing agency: OSt
100 ## - HEADING--PERSONAL NAME
- Personal name: Chattopadhyay , Kshitish Prasad
670 ## - SOURCE DATA FOUND
- Source citation: Work cat.: (OSt)2889: Chattopadhyay , Kshitish Prasad, Essays In Social Anthropology, 1994









